Memòria d'activitats 1981 / Ajuntament de Barcelona, Macroàrea de Serveis Personals
Descripción Física:
215 p. : taules, gràf. ; 21 cm
Colección:
Informes i Memòries ; 1
MARC
| LEADER | 00000nam a2200000Ia 4500 | ||
|---|---|---|---|
| 001 | 16769 | ||
| 003 | BGR | ||
| 005 | 20260324175321.0 | ||
| 008 | 160829s9999 xx 000 0 cat d | ||
| 080 | |a M-5-87 | ||
| 110 | 1 | |a Barcelona (Catalunya). |b Ajuntament |9 50981 | |
| 245 | |a Memòria d'activitats 1981 / Ajuntament de Barcelona, Macroàrea de Serveis Personals | ||
| 260 | |a [Barcelona : |b l'Ajuntament], DL 1982 | ||
| 300 | |a 215 p. : |b taules, gràf. ; |c 21 cm | ||
| 490 | |a Informes i Memòries ; 1 | ||
| 610 | 1 | 0 | |a Barcelona (Catalunya). |b Ajuntament |x Anuaris |y 1981 |9 50981 |
| 610 | 1 | 0 | |a Barcelona (Catalunya). |b Ajuntament |9 50981 |
| 610 | 1 | 0 | |a Barcelona (Catalunya). |b Ajuntament |9 50981 |
| 901 | |a Arxiu | ||
| 942 | |n 1 |2 udc |c MON | ||
| 952 | |0 0 |1 0 |4 0 |6 M587 |7 1 |9 44088 |a Arxiu |b Arxiu |d 2016-12-01 |l 0 |o M-5-87 |p 16769 |r 2016-12-01 00:00:00 |w 2016-12-01 |y ARXIU | ||
| 999 | |c 46668 |d 46668 | ||